Quizzes
Events
Quiz Creation
Community
Videos
Private Events
Remove Ads
Sign In
Join for FREE
Feedback
Dark Mode
Quiz Categories
Sports
Geography
Music
Movies
Television
Just For Fun
Miscellaneous
History
Literature
Language
Science
Gaming
Entertainment
Religion
Holiday
For Kids
Quiz Lab
Recent
Popular Today
Quiz Kudos Today
Editor Picks
Curator Picks
Quizzes by...
Day
Popularity
Type
Ratings
Length
Year
Community
Subscriptions
Recent Discussions
Orange Saloon
Badges
Playlists
Quests
Create
Leaderboards
Showdown
Live 5
Trivia Bingo
Activity
Puzzle Library
Sporcle Events
Private Events
Virtual Trivia
Globe League
Become a Host
Pub Owners
SporcleCon
Opinionation
Our Games
Videos
Blog
Mobile Apps
Partnerships
Remove Ads and Go Orange
Feedback
Music
Pop Music
The Beatles
Song
Album
Lyrics
Bands
Singers
Artist
Clip
Rock
Rap
Classical
Billboard
Country Music
Kpop
Taylor Swift
Music
Pop Music
The Beatles
Song
Album
Lyrics
Bands
Singers
Artist
Clip
Rock
Rap
Classical
Billboard
Country Music
Kpop
Taylor Swift
Random Quiz
Search Sporcle
×
Quiz Lab
Quiz Lab
Music
Numbers
Type in answers that appear in a list
Type in answers that appear in a list
Classic
Best Score? Go Orange.
UK Number One Hits of 1982 Stats
Can you name the UK Number One Hits of 1982?
By
Pearlyman
8m
21 Questions
230 Plays
230 Plays
230 Plays
Comments
Comments
Give Quiz Kudos
Give Quiz Kudos
-
- Ratings
hide this ad
Replay
Link that replays current quiz
Next Quiz
Link to next quiz in quiz playlist
You Got
0%
They Got
Avg Score
64%
Avg Friend Score
Upgrade to see
Score Distribution
Jump to the score distribution portion of the page
Score
0/21
Timer
08:00
0
Plays Today
Artist
Song Title
% Correct
Dexy's Midnight Runners
Come on Eileen
91.3%
Survivor
Eye of the Tiger
89.1%
Paul McCartney and Stevie Wonder
Ebony and Ivory
87.8%
Irene Cara
Fame
86.5%
Musical Youth
Pass the Dutchie
74.8%
Culture Club
Do You Really Want to Hurt Me
74.3%
Tight Fit
The Lion Sleeps Tonight
70%
Kraftwerk
The Model
69.6%
Captain Sensible
Happy Talk
69.6%
Renee and Renato
Save Your Love
69.6%
Bucks Fizz
Land of Make Believe
62.2%
Artist
Song Title
% Correct
The Jam
A Town Called Malice
59.6%
Adam Ant
Goody Two Shoes
57.4%
Eddy Grant
I Don't Wanna Dance
55.2%
Madness
House of Fun
54.8%
The Goombay Dance Band
Seven Tears
54.3%
Charlene
I've Never Been To Me
51.7%
Nicole
A Little Peace
49.1%
Shakin' Stevens
Oh Julie
45.7%
The Jam
Beat Surrender
42.2%
Bucks Fizz
My Camera Never Lies
38.7%
Quiz Playlist
Details
Report
Send in Message
Add To Playlist
Classic:
Type in answers that appear in a list
Quiz Source
Last Updated: Feb 16, 2017
Quiz Scoreboard
CHALLENGE
Sign Up to Join the Scoreboard
Show All
Scores
Hide
Comments
May contain spoilers
Recently Published
9x9 Crossword: Cartoon Network
by jackfrog10
Miscellaneous
3m
College Basketball Coaching Resumes
by pancakes188
Sports
9m
Billboard Blitz: Fleetwood Mac
by CooCooCachoo
Music
15s
More to Explore
Quiz From the Vault
Featured Blog Post
Where Did the Easter Bunny Come From?
hide this ad
You Might Also Like...
Tags
Artist Quiz
Numbers Quiz
Song Quiz
1982
hit
No 1
One Hits
Week
Today's Top Quizzes in Music
Browse Music
hide this ad
Today's Top Quizzes in Numbers
Browse Numbers
Top Contributed Quizzes in Music
1
Taylor Swift All Songs (2024)
2
Guess the Artist- 70s Songs
3
7-to-1: Billboard Hot 100 #1 Hits of 2010s
4
Sorting Albums and Songs
5
Taylor Swift Logic Puzzle
6
KPOP LOGIC QUIZ
7
Guess the Taylor Swift song (Mystery Song)
8
One Thing in Common: Music
9
2010s Album by Cover III
10
Guess The Taylor Swift Lyrics Song #1
Explore More
Trending Topics
Marvel
Anime
NBA
Kpop
Disney
Crossword
Harry Potter
Country
The Office
NFL
Soccer
Puzzle
WWE
Pokémon
Song
hide this ad
More By:
Pearlyman
Quiz
Plays
Rating
Category
Featured
Created
BBC Overseas Sports Personalities
1,010
4.43
Sports
Nov 15, 2009
Crowded House Songs
780
4.00
Music
Nov 4, 2009
Grand National (Steeplechase) Winners
762
5.00
Sports
Oct 4, 2009
UK Champion Flat Jockeys
604
4.00
Sports
Nov 5, 2009
Grand National Runners-Up
407
5.00
Sports
Dec 23, 2009
Go to Creator's Profile
Score Distribution
Quiz Creator Spotlight
Pearlyman
Follow
Send a Message
Quizzes Created
-
Created Quiz Play Count
-
More By This Creator
Popular Quizzes Today
1
Find the US States - No Outlines Minefield
2
Find the Countries of Europe - No Outlines Minefield
3
The Countries of the World
4
Find the US States
5
Risky Map Clicking: Biggest States A-Z
6
US States
7
Popular People in 1961
8
Movies - When Are They Set?
More Music Quizzes
300 K-Pop Idol [FEBRUARY 2021]
Quiz Lab
Trending Quizzes
Risky Map Clicking: Least Populous States A-Z
1-10 Letter G Words
1-10 Letter F Words
Risky Map Clicking: Next State Alphabetically
Adjectives in 80s TV Shows
Recently Updated
Leaping Animals
pecheneg
Reality TV Shows (A-Z)
bhenderson79
Rickey Henderson's Hall of Fame Teammates
pecheneg
Champions League XIs: Arsenal
pecheneg
Quick Pick: Celebrities in WWE's Hall of Fame
aduchscher
A-Z Keypad Blitz II
pecheneg
Multiple Oscar Actors
pecheneg
Mystery Phrase Blitz: Oscar 'Best Actors'
pecheneg
F. Scott Fitzgerald Novels
LTH
Pick 3 Villains
ddd62291
Trending Topics
Kpop
Marvel
Disney
Crossword
Anime
NBA
Harry Potter
NFL
Soccer
Song
Pokémon
The Office
WWE
Puzzle
Country
Your Account Isn't Verified!
In order to create a playlist on Sporcle, you need to verify the email address you used during registration. Go to your
Sporcle Settings
to finish the process.
Report this User
Report this user for behavior that violates our
Community Guidelines
.
Details:
Send Report
Go to the Sporcle.com Mobile Site →
Comments